| 000 | 00898nam a2200289 a 4500 | ||
|---|---|---|---|
| 001 | BRL_1259 | ||
| 005 | 20190320211121.0 | ||
| 008 | 061213s1975----enkabe####---#000-0#eng-# | ||
| 020 | _a0304294349 | ||
| 041 | _aeng | ||
| 044 | _aenk | ||
| 050 | 4 |
_aF1435 _b.I93 1975 |
|
| 100 | 1 |
_aIvanoff, Pierre _926297 |
|
| 245 | 1 | 0 |
_aMonuments of Civilization Maya _ctext by Pierre Ivanoff ; foreword Miguel Angel Asturias. |
| 260 |
_aLondon _bCassell & Company LTD. _c1975 |
||
| 300 |
_a190 _bil. a color, mapas, planos _c34 cm. |
||
| 440 | 0 |
_aMonuments of civilization _926298 |
|
| 500 | _aAu1462 | ||
| 504 | _aBibliografía: p. 189-190 | ||
| 650 | 1 | 4 |
_aMayas _xAntigüedades _99555 |
| 650 | 1 | 4 |
_aMayas _xMonumentos _926299 |
| 651 | 4 |
_aMéxico _xAntigüedades _92765 |
|
| 651 | 4 |
_aAmérica Central _xAntigüedades _923855 |
|
| 700 | 1 |
_aAsturias, Miguel Angel _926300 |
|
| 902 | _aGRL | ||
| 942 |
_2lcc _cB |
||
| 999 |
_c10071 _d10071 |
||